Η ετερότητα ως σχέση εξουσίας : όψεις της ελληνικής, βαλκανικής και ευρωπαϊκής εμπειρίας
Αποθηκεύτηκε σε:
| Κύριος συγγραφέας: | |
|---|---|
| Μορφή: | Βιβλίο |
| Γλώσσα: | Greek |
| Δημοσίευση: |
[Αθήνα] :
Κριτική,
2002
|
| Σειρά: | Σειρά μελετών (Κέντρο Ερευνών Μειονοτικών Ομάδων)
; 5 |
| Θέματα: | |
| Ετικέτες: |
Προσθήκη ετικέτας
Δεν υπάρχουν, Καταχωρήστε ετικέτα πρώτοι!
|
MARC
| LEADER | 00000nam a2200000 i 4500 | ||
|---|---|---|---|
| 001 | 1/86144 | ||
| 008 | 080523s2002 gre d | ||
| 020 | |a 960-218-262-8 | ||
| 035 | |l 10097591 | ||
| 040 | |a GR-MY-UA |b gre |e aacr | ||
| 041 | 0 | |a gre | |
| 082 | 0 | |a 305.80094 |2 (22) | |
| 100 | 1 | |a Χριστόπουλος, Δημήτρης. | |
| 245 | 1 | 2 | |a Η ετερότητα ως σχέση εξουσίας : |b όψεις της ελληνικής, βαλκανικής και ευρωπαϊκής εμπειρίας / |c [Δημήτρης Χριστόπουλος] |
| 260 | |a [Αθήνα] : |b Κριτική, |c 2002 | ||
| 300 | |a 303 σ.; |c 21 εκ. | ||
| 490 | 1 | |a Σειρά μελετών (Κέντρο Ερευνών Μειονοτικών Ομάδων) |v ; 5 | |
| 504 | |a Βιβλιογραφία: σ. [287]-303 | ||
| 650 | 0 | 0 | |a Minorities |x Legal status, laws, etc. |
| 650 | 0 | 0 | |a Minorities |z Greece. |
| 650 | 0 | 0 | |a Minorities |z Balkan Peninsula. |
| 650 | 0 | 0 | |a Minorities |z Europe. |
| 830 | 0 | |a Σειρά μελετών (Κέντρο Ερευνών Μειονοτικών Ομάδων) |v ; 5 | |
| 852 | |a INST |b LESVOS |e 20080523 |h 305.80094 ΧΡΙ |p 005100039782 |q 005100039782 |t BK |y 0 | ||
| 901 | |a BIBL1-2008-2 | ||
| 909 | |a Λ |b 142188 | ||
| 922 | |a 1ΕΛΗ |b 200711 |c ΕΠΕΑΕΚ2/ΤΚ |d Σ. ΠΑΤΑΚΗΣ | ||
| 970 | |a ΚΑΡΑ |b ΓΙΑΣΕΜΗ |z 2008/05/23 | ||